| 000 | 00694nas a2200253 4500 | ||
|---|---|---|---|
| 001 | BR8102735 | ||
| 003 | BR-BrBNA | ||
| 005 | 20231205084727.0 | ||
| 007 | ta | ||
| 008 | 230509b bl.|||p| |||| 00| 00por d | ||
| 040 |
_aBR-BrBNA _bpor _cBiblioteca Nacional de Agricultura |
||
| 041 | _a(Pt) | ||
| 072 | _aE70 | ||
| 100 | 1 | _aCzapski, J. | |
| 245 | 1 | _aFormas de comercializacao [Coelho; Cunuculus vulgaris; Pele] | |
| 650 | _aComercializacao | ||
| 650 | _aCoelho | ||
| 650 | _aPele | ||
| 650 | _aPreco | ||
| 650 | _aVenda | ||
| 773 | 0 |
_tGranja (Brazil) _xISSN 0367-505X _g(Jul 1981), v. 37(402) p. 26-27 _wBR8102735 |
|
| 909 |
_a202311 _bLúcia _c55 _dLúcia Elande |
||
| 942 |
_2AGRIS _n0 _cANA |
||
| 999 |
_c106901 _d106901 |
||